000
00300nam a22001337a 4500
008
170823b xxu||||| |||| 00| 0 eng d
020
_a
0136048501
041
_a
eng
080
_2
2ND
_a
51
100
_a
38
101
_a
MAT
245
_a
MULTIVARIABLE MATHEMATICS
_c
WILLIAMSON,R.E
942
_2
udc
_c
BK
999
_c
24694
_d
24694